000 00526nam a2200193 a 4500
001 1769942616202
003 YourLibrary
005 20260201163956.0
008 260201s2008##################000#0#eng##
020 _a9783039113866
082 0 4 _a305.2609417
_bGAL
100 1 _aGallagher, Carmel,
_eauthor.
245 1 0 _aThe Community Life of Older People in Ireland :
260 _bPeter Lang,
_c2008.
300 _a388 pages
650 0 _aPolitical Science.
942 _cENGLISH
040 _aYourLibrary
_beng
_cYourLibrary
999 _c609863
_d609863